Nommez les 8 verbes commençant par un K - 8 verbes - Statistiques

Statistiques générales
  • Ce quiz a été pris 18 fois
  • Le résultat moyen est 2 sur 8
Statistiques - réponses
Réponse % Correct
kiffer
56%
klaxonner
50%
kilométrer
28%
kidnapper
22%
knockouter
6%
kaoliniser
0%
kifer
0%
klouker
0%
Aucun quiz correspondant
Distribution des résultats
% des personnes avec chaque résultat
Percentile par nombre de réponses
Votre historique - résultats
Vous n’avez pas pris ce quiz